[Event "SLO-chT Central 20th"]
[Site "Slovenia"]
[Date "2019.09.12"]
[Round "1.4"]
[White "Miceli, Dario Edgardo"]
[Black "Jelen, Luka"]
[Result "1-0"]
[WhiteElo "1636"]
[BlackElo "1194"]
[PlyCount "85"]
[EventDate "2019.09.12"]
[EventType "team-tourn"]
[EventRounds "7"]
[EventCountry "SLO"]
[SourceTitle "EXT 2024"]
[Source "ChessBase"]
[SourceDate "2023.10.10"]
[SourceVersion "1"]
[SourceVersionDate "2023.10.10"]
[SourceQuality "1"]
[WhiteTeam "Visnja Gora Sticna"]
[BlackTeam "Ig"]
[WhiteTeamCountry "SLO"]
[BlackTeamCountry "SLO"]

1. Nf3 d5 2. e3 Nc6 3. Bb5 Nf6 4. Bxc6+ bxc6 5. Ne5 Qd6 6. f4 Ba6 7. d3 e6 8. 0-0 c5 9. Nd2 Bb7 10. b3 d4 11. Ndc4 Qd8 12. e4 Bd6 13. Na5 Ba6 14. Nec6 Qd7 15. e5 Nd5 16. exd6 cxd6 17. a4 0-0 18. Bd2 Rfc8 19. b4 cxb4 20. Nxb4 Nxb4 21. Bxb4 Rab8 22. Qd2 d5 23. Nb3 Qb7 24. Bd6 Ra8 25. Be5 Qc6 26. Rfc1 Qc3 27. Bxd4 Qxd2 28. Nxd2 Rab8 29. Rab1 Rxb1 30. Rxb1 h6 31. Rb7 Kh7 32. Bxa7 Kg6 33. Kf2 Kf5 34. Ke3 g5 35. fxg5 hxg5 36. Rb6 d4+ 37. Ke2 Bxd3+ 38. cxd3 Rg8 39. h3 g4 40. Rb5+ Kf4 41. Bb8+ e5 42. Bxe5+ Kg5 43. Bh8+ 1-0

[Event "SLO-ch 29th"]
[Site "Radenci"]
[Date "2019.05.02"]
[Round "7"]
[White "Jelen, Luka"]
[Black "Vaupot, Eliza"]
[Result "0-1"]
[WhiteElo "1202"]
[BlackElo "1199"]
[PlyCount "78"]
[EventDate "2019.04.27"]
[EventType "swiss"]
[EventRounds "9"]
[EventCountry "SLO"]
[SourceTitle "CBM 190 Extra"]
[Source "ChessBase"]
[SourceDate "2019.07.15"]
[SourceVersion "1"]
[SourceVersionDate "2019.07.15"]
[SourceQuality "1"]

1. e4 e5 2. Nf3 Nc6 3. Bc4 Bc5 4. c3 Nf6 5. d3 d6 6. 0-0 a6 7. b4 Ba7 8. a4 Ne7 9. Re1 0-0 10. Nbd2 Re8 11. Nf1 Ng6 12. h3 c6 13. Ng3 h6 14. Bb3 d5 15. exd5 cxd5 16. Ra2 Qc7 17. Rc2 Be6 18. Bb2 e4 19. Nd4 Kh7 20. dxe4 dxe4 21. Bxe6 fxe6 22. Nxe4 Nxe4 23. Rxe4 Rad8 24. Qe2 e5 25. Nf5 Rf8 26. Qg4 Qd7 27. Ne3 Qxa4 28. Re2 Rf4 29. Rxf4 exf4 30. Nf5 Bb8 31. Re6 Qd1+ 32. Kh2 Qxg4 33. hxg4 Rd2 34. Bc1 Rxf2 35. Kg1 Ba7 36. Nd4 Rc2 37. Re1 Rxc3 38. Bb2 Bxd4+ 39. Kf1 Rc4 0-1

[Event "SLO-ch 29th"]
[Site "Radenci"]
[Date "2019.05.01"]
[Round "6"]
[White "Jelen, Luka"]
[Black "Jelen, Anja"]
[Result "1/2-1/2"]
[WhiteElo "1202"]
[BlackElo "1309"]
[PlyCount "68"]
[EventDate "2019.04.27"]
[EventType "swiss"]
[EventRounds "9"]
[EventCountry "SLO"]
[SourceTitle "CBM 190 Extra"]
[Source "ChessBase"]
[SourceDate "2019.07.15"]
[SourceVersion "1"]
[SourceVersionDate "2019.07.15"]
[SourceQuality "1"]

1. e4 e5 2. Nf3 Nc6 3. Bc4 Nf6 4. d3 Bc5 5. c3 d6 6. 0-0 0-0 7. h3 a6 8. b4 Ba7 9. a4 b6 10. b5 axb5 11. axb5 Na5 12. Ba2 Bb7 13. Bg5 h6 14. Bh4 c6 15. c4 cxb5 16. cxb5 Rc8 17. Nbd2 Qe7 18. Re1 Bb8 19. Nf1 Rfd8 20. Ng3 d5 21. exd5 Bxd5 22. Nf5 Qe6 23. N3d4 Qd7 24. Bxf6 exd4 25. Bxd8 Qxf5 26. Bxd5 Rxd8 27. Bc6 Bd6 28. Qd2 Nb3 29. Qc2 Nxa1 30. Rxa1 Qc5 31. Qe2 Qe5 32. Qxe5 Bxe5 33. g3 Bd6 34. Ra4 Bc5 1/2-1/2

[Event "SLO-ch 29th"]
[Site "Radenci"]
[Date "2019.04.30"]
[Round "5"]
[White "Lukac, Ema"]
[Black "Jelen, Luka"]
[Result "0-1"]
[WhiteElo "1084"]
[BlackElo "1202"]
[PlyCount "144"]
[EventDate "2019.04.27"]
[EventType "swiss"]
[EventRounds "9"]
[EventCountry "SLO"]
[SourceTitle "CBM 190 Extra"]
[Source "ChessBase"]
[SourceDate "2019.07.15"]
[SourceVersion "1"]
[SourceVersionDate "2019.07.15"]
[SourceQuality "1"]

1. e4 e5 2. Nf3 Nc6 3. Bb5 Nf6 4. d3 Bd6 5. c3 0-0 6. 0-0 Re8 7. Re1 Ne7 8. Nbd2 c6 9. Ba4 Ng6 10. Nf1 b6 11. Ng3 Ba6 12. Bg5 h6 13. Bh4 Nf4 14. Bxf6 Qxf6 15. Bc2 Bc7 16. Qd2 Rad8 17. Rad1 d5 18. Qe3 d4 19. Qd2 c5 20. cxd4 cxd4 21. Qb4 Bb7 22. Nf5 a5 23. Qc4 Rc8 24. Bb3 Bb8 25. Qb5 Qc6 26. Qxc6 Rxc6 27. Ba4 Rce6 28. Bxe8 Rxe8 29. g3 Ne6 30. N3h4 Nc5 31. Rf1 Ba6 32. Rfe1 Bxd3 33. Rxd3 Nxd3 34. Re2 Nc5 35. a3 Nb3 36. Nf3 Kf8 37. Re1 Rd8 38. Rd1 a4 39. Nd2 Na5 40. Kg2 b5 41. Kh3 Nc4 42. Nxc4 bxc4 43. Kg4 Ba7 44. f4 exf4 45. Kxf4 d3 46. Ne3 g5+ 47. Kf3 Bxe3 48. Kxe3 Ke7 49. g4 Ke6 50. h3 Ke5 51. Rd2 Rd4 52. Kf3 Rxe4 53. Kf2 Kd4 54. Kf1 c3 55. bxc3+ Kxc3 56. Rd1 d2 57. Kf2 Kc2 58. Rh1 d1Q 59. Rxd1 Kxd1 60. Kg3 Re3+ 61. Kg2 Rxa3 62. Kh2 Rxh3+ 63. Kxh3 a3 64. Kg3 a2 65. Kh3 a1Q 66. Kg3 Ke1 67. Kg2 Qc3 68. Kg1 Ke2 69. Kg2 Qf3+ 70. Kg1 Qxg4+ 71. Kh1 Kf2 72. Kh2 Qg2# 0-1

[Event "Otocec Krka Terme op"]
[Site "Otocec"]
[Date "2018.12.28"]
[Round "8"]
[White "Kastrevec, Andrej"]
[Black "Jelen, Luka"]
[Result "1-0"]
[WhiteElo "1159"]
[BlackElo "1373"]
[PlyCount "89"]
[EventDate "2018.12.25"]
[EventType "swiss"]
[EventRounds "9"]
[EventCountry "SLO"]
[SourceTitle "EXT 2020"]
[Source "ChessBase"]
[SourceDate "2019.10.17"]
[SourceVersion "1"]
[SourceVersionDate "2019.10.17"]
[SourceQuality "1"]

1. e4 e5 2. Nf3 Nc6 3. Bc4 Nf6 4. d3 Bc5 5. Nc3 d6 6. h3 h6 7. Be3 Bxe3 8. fxe3 0-0 9. 0-0 Re8 10. Nd5 Be6 11. Nxf6+ Qxf6 12. Nd4 Qg5 13. Nxe6 fxe6 14. Qe2 Na5 15. Bb3 Nxb3 16. axb3 d5 17. exd5 exd5 18. e4 c6 19. Rf5 Qe7 20. Re1 g6 21. Rf2 Rad8 22. Qe3 dxe4 23. Qxe4 Kh7 24. Rfe2 Qc5+ 25. Qe3 Qa5 26. Qg3 Qc5+ 27. Kh1 Rd5 28. c4 Rd7 29. Rxe5 Rxe5 30. Rxe5 Qd4 31. Qe3 Qxb2 32. Re7+ Rxe7 33. Qxe7+ Kg8 34. Qe6+ Kh7 35. Qd7+ Kg8 36. Qxb7 Qb1+ 37. Kh2 Qxd3 38. Qxc6 a5 39. c5 Qxb3 40. Qxg6+ Kh8 41. Qxh6+ Kg8 42. Qg6+ Kh8 43. c6 Qb8+ 44. Qg3 Qe8 45. Qc3+ 1-0

[Event "Otocec Krka Terme op"]
[Site "Otocec"]
[Date "2018.12.28"]
[Round "7"]
[White "Sumak, Klemen"]
[Black "Jelen, Luka"]
[Result "0-1"]
[WhiteElo "1569"]
[BlackElo "1373"]
[PlyCount "112"]
[EventDate "2018.12.25"]
[EventType "swiss"]
[EventRounds "9"]
[EventCountry "SLO"]
[SourceTitle "EXT 2020"]
[Source "ChessBase"]
[SourceDate "2019.10.17"]
[SourceVersion "1"]
[SourceVersionDate "2019.10.17"]
[SourceQuality "1"]

1. e4 e5 2. Nf3 Nc6 3. Bc4 Nf6 4. Nc3 Bc5 5. 0-0 d6 6. h3 0-0 7. d3 h6 8. Nd5 Re8 9. c3 a6 10. d4 exd4 11. cxd4 Ba7 12. Nxf6+ Qxf6 13. d5 Ne5 14. Nxe5 Rxe5 15. Bd3 Bd7 16. Be3 Bxe3 17. fxe3 Qg5 18. Qf3 Rf8 19. Rac1 c5 20. a3 b5 21. b4 c4 22. Bb1 Re7 23. Ba2 f5 24. a4 Rxe4 25. axb5 axb5 26. Bb1 Re5 27. e4 Rf6 28. Rce1 fxe4 29. Qd1 Rxd5 30. Qe2 Bf5 31. Bxe4 Bxe4 32. Qxe4 Re5 33. Qa8+ Kh7 34. Qa1 Rxf1+ 35. Rxf1 Qe3+ 36. Kh1 Qd3 37. Rd1 Qf5 38. Rxd6 Rd5 39. Ra6 c3 40. Qxc3 Rd1+ 41. Kh2 Qf4+ 42. Qg3 Rh1+ 43. Kxh1 Qxg3 44. Rb6 Qe1+ 45. Kh2 Qxb4 46. Rb7 Qf4+ 47. Kg1 b4 48. h4 Qe3+ 49. Kh1 b3 50. Kh2 Qe5+ 51. Kh1 b2 52. g3 Qd5+ 53. Kh2 Qxb7 54. Kh3 b1Q 55. Kg4 Q7e4+ 56. Kh3 Qbh1# 0-1

[Event "Otocec Krka Terme op"]
[Site "Otocec"]
[Date "2018.12.27"]
[Round "6"]
[White "Jelen, Luka"]
[Black "Siraj, Svit"]
[Result "0-1"]
[WhiteElo "1373"]
[BlackElo "1671"]
[PlyCount "72"]
[EventDate "2018.12.25"]
[EventType "swiss"]
[EventRounds "9"]
[EventCountry "SLO"]
[SourceTitle "EXT 2020"]
[Source "ChessBase"]
[SourceDate "2019.10.17"]
[SourceVersion "1"]
[SourceVersionDate "2019.10.17"]
[SourceQuality "1"]

1. e4 c5 2. c3 d6 3. d4 cxd4 4. cxd4 Nf6 5. Bd3 Nc6 6. Nf3 Bg4 7. Nbd2 Nxd4 8. 0-0 g6 9. Qa4+ Nc6 10. Nd4 Bd7 11. N2b3 Nxd4 12. Qxd4 Bg7 13. Be3 0-0 14. Rac1 Ng4 15. Qb4 Qb8 16. Bd4 d5 17. g3 e5 18. Bc5 Re8 19. exd5 Bf8 20. Bxf8 Rxf8 21. Be4 f5 22. Bg2 e4 23. Rfe1 Ne5 24. d6 Nd3 25. Qc4+ Rf7 26. Nc5 Nxe1 27. Rxe1 Qxd6 28. Nxb7 Qb6 29. Nc5 Rc8 30. Rc1 Bb5 31. Qc3 Qf6 32. Qb4 Be2 33. Qe1 Qxb2 34. Nb3 Rxc1 35. Nxc1 Bd3 36. h4 Rc7 0-1

[Event "Otocec Krka Terme op"]
[Site "Otocec"]
[Date "2018.12.26"]
[Round "5"]
[White "Jelen, Luka"]
[Black "Bevc Taranis, Tin"]
[Result "0-1"]
[WhiteElo "1373"]
[BlackElo "1050"]
[PlyCount "88"]
[EventDate "2018.12.25"]
[EventType "swiss"]
[EventRounds "9"]
[EventCountry "SLO"]
[SourceTitle "EXT 2020"]
[Source "ChessBase"]
[SourceDate "2019.10.17"]
[SourceVersion "1"]
[SourceVersionDate "2019.10.17"]
[SourceQuality "1"]

1. e4 e5 2. Nf3 Nc6 3. Bc4 Bc5 4. c3 Nf6 5. d3 h6 6. 0-0 d6 7. h3 Be6 8. Bb5 0-0 9. b4 Bb6 10. Ba4 Ne7 11. Bc2 Ng6 12. a4 a5 13. Ba3 axb4 14. Bxb4 c5 15. Ba3 Qc8 16. Re1 Bxh3 17. gxh3 Qxh3 18. Re3 Nf4 19. Ne1 Qh4 20. Rg3 Nh3+ 21. Kf1 Nf4 22. Qf3 N6h5 23. Bc1 Nxg3+ 24. fxg3 Qh3+ 25. Ng2 Qh1+ 26. Kf2 Nxg2 27. Qxg2 Qxc1 28. Kf3 Qg5 29. Nd2 Qf6+ 30. Ke2 Ba5 31. Ra3 Bd8 32. Bb3 b5 33. Kd1 b4 34. cxb4 cxb4 35. Ra1 Bb6 36. Qh3 Bd4 37. Ra2 Bc3 38. Bd5 Rab8 39. Nb3 Qf3+ 40. Kc1 Qe3+ 41. Kb1 Qe1+ 42. Nc1 Bd2 43. Rc2 b3 44. Rc6 b2 0-1

[Event "SLO-chT Central 19th"]
[Site "Slovenia"]
[Date "2018.10.18"]
[Round "6.3"]
[White "Jelen, Luka"]
[Black "Leben, Dusan"]
[Result "0-1"]
[WhiteElo "1369"]
[BlackElo "1857"]
[PlyCount "88"]
[EventDate "2018.09.13"]
[EventType "team-tourn"]
[EventRounds "7"]
[EventCountry "SLO"]
[SourceTitle "EXT 2021"]
[Source "ChessBase"]
[SourceDate "2020.10.23"]
[SourceVersion "1"]
[SourceVersionDate "2020.10.23"]
[SourceQuality "1"]
[WhiteTeam "Ig"]
[BlackTeam "Trzin Buscotrade II"]
[WhiteTeamCountry "SLO"]
[BlackTeamCountry "SLO"]

1. e4 e5 2. Nf3 Nf6 3. Nxe5 d6 4. Nf3 Nxe4 5. Qe2 Qe7 6. d3 Nf6 7. Qxe7+ Bxe7 8. Nc3 c6 9. Be2 0-0 10. 0-0 d5 11. Re1 Bb4 12. Bd2 Bg4 13. a3 Ba5 14. b4 Bb6 15. Na4 Bc7 16. Rab1 b5 17. Nb2 Nbd7 18. c4 dxc4 19. dxc4 Ne4 20. Rbc1 Bxf3 21. Bxf3 Nxd2 22. Bxc6 Nxc4 23. Nxc4 bxc4 24. Bxd7 Rad8 25. Bb5 Rd2 26. Bxc4 Bb6 27. Re2 Rfd8 28. a4 g6 29. a5 Rd1+ 30. Re1 Rxc1 31. Rxc1 Bd4 32. Re1 Kf8 33. g3 Bc3 34. Rb1 Rd4 35. Be2 Bxb4 36. Rc1 Bxa5 37. Rc8+ Ke7 38. Rc5 Bb6 39. Re5+ Kf6 40. Re3 Rd7 41. Rf3+ Kg7 42. Bb5 Rc7 43. h4 h5 44. Rf4 f5 0-1

[Event "SLO-ch 28th"]
[Site "Ljubljana"]
[Date "2018.05.03"]
[Round "8"]
[White "Butala, Marjan"]
[Black "Jelen, Luka"]
[Result "1-0"]
[WhiteElo "1981"]
[BlackElo "1013"]
[PlyCount "51"]
[EventDate "2018.04.27"]
[EventType "swiss"]
[EventRounds "9"]
[EventCountry "SLO"]
[SourceTitle "CBM 184 Extra"]
[Source "ChessBase"]
[SourceDate "2018.06.28"]
[SourceVersion "1"]
[SourceVersionDate "2018.06.28"]
[SourceQuality "1"]

1. e4 e5 2. Nf3 Nc6 3. Bb5 a6 4. Ba4 Nf6 5. 0-0 b5 6. Bb3 d5 7. exd5 Nxd5 8. Re1 Be7 9. d4 exd4 10. Nxd4 Nxd4 11. Qxd4 Bb7 12. Qxg7 Rf8 13. Bh6 Kd7 14. Qe5 Bd6 15. Qf5+ Kc6 16. Bxd5+ Kb6 17. Bxb7 Kxb7 18. Bxf8 Qxf8 19. Nc3 Qh6 20. g3 Rg8 21. Nxb5 axb5 22. Qxb5+ Kc8 23. Re8+ Rxe8 24. Qxe8+ Kb7 25. Qb5+ Kc8 26. Re1 1-0

[Event "SLO-ch 28th"]
[Site "Ljubljana"]
[Date "2018.04.29"]
[Round "4"]
[White "Jelen, Luka"]
[Black "Urbanc, Suzana"]
[Result "0-1"]
[WhiteElo "1013"]
[BlackElo "1639"]
[PlyCount "40"]
[EventDate "2018.04.27"]
[EventType "swiss"]
[EventRounds "9"]
[EventCountry "SLO"]
[SourceTitle "CBM 184 Extra"]
[Source "ChessBase"]
[SourceDate "2018.06.28"]
[SourceVersion "1"]
[SourceVersionDate "2018.06.28"]
[SourceQuality "1"]

1. e4 Nf6 2. e5 Nd5 3. d4 Nb6 4. Nf3 d6 5. Be2 g6 6. 0-0 Bg7 7. exd6 cxd6 8. h3 0-0 9. Be3 Nc6 10. Nc3 e5 11. d5 Ne7 12. b3 f5 13. Bxb6 Qxb6 14. Na4 Qa5 15. Nd2 b5 16. Rc1 bxa4 17. bxa4 Ba6 18. Bxa6 Qxa6 19. c4 Rfc8 20. Re1 Bh6 0-1

[Event "SLO-ch U10"]
[Site "Ptuj"]
[Date "2017.02.28"]
[Round "4"]
[White "Casar, Izidor"]
[Black "Jelen, Luka"]
[Result "0-1"]
[WhiteElo "1629"]
[BlackElo "1686"]
[PlyCount "103"]
[EventDate "2017.02.27"]
[EventType "swiss"]
[EventRounds "9"]
[EventCountry "SLO"]
[SourceTitle "CBM 177 Extra"]
[Source "ChessBase"]
[SourceDate "2017.04.27"]
[SourceVersion "1"]
[SourceVersionDate "2017.04.27"]
[SourceQuality "1"]

1. d4 d5 2. e3 Nf6 3. Nc3 Nc6 4. Nf3 e6 5. Bb5 Bd7 6. Bxc6 Bxc6 7. 0-0 Bd6 8. Ne5 Bd7 9. Nxd7 Qxd7 10. Qe2 0-0 11. Qb5 c6 12. Qd3 Rfe8 13. e4 Qc7 14. g3 Bb4 15. e5 Nd7 16. Qf3 c5 17. Qg4 Qb6 18. Bh6 g6 19. dxc5 Qxc5 20. Be3 Qc7 21. Nb5 Ba5 22. Nxc7 Bxc7 23. Bh6 Nxe5 24. Qd4 Nf3+ 25. Kg2 Nxd4 26. Rfd1 Nxc2 27. Rac1 Nb4 28. Rxc7 b6 29. a3 Na6 30. Rc6 Rac8 31. Rxc8 Rxc8 32. f4 f5 33. h3 Rc2+ 34. Kf3 Rxb2 35. Re1 Nc7 36. Rc1 Ne8 37. Rc8 Kf7 38. Ra8 Rb3+ 39. Kg2 Rxa3 40. Rb8 Nd6 41. Bf8 Ra2+ 42. Kf3 Ra3+ 43. Kf2 Ne4+ 44. Ke2 Nxg3+ 45. Kf2 Ne4+ 46. Ke2 Rb3 47. Rc8 d4 48. Bh6 d3+ 49. Kd1 d2 50. Rc7+ Ke8 51. Bg5 Rb1+ 52. Rc1 0-1